[Event "Championnat de France - Accession"]
[Site "Nimes"]
[Date "2009.08.15"]
[Round "5.13"]
[White "Weill, Roland"]
[Black "Daurelle, Herve"]
[Result "1-0"]
[WhiteElo "2227"]
[BlackElo "2292"]
[PlyCount "99"]

1. Nf3 Nf6 2. g3 b6 3. Bg2 Bb7 4. O-O c5 5. d3 d5 6. Nbd2 e6 7. e4 Be7 8. Re1
O-O 9. e5 Nfd7 10. Nf1 Nc6 11. h4 Qc7 12. Bf4 d4 13. N1h2 Nb4 14. g4 c4 15.
dxc4 Qxc4 16. Qxd4 Qxd4 17. Nxd4 Bxg2 18. Kxg2 Rac8 19. Re2 Bxh4 20. g5 Nd5 21.
Bd2 f6 22. Nxe6 Rfe8 23. Nxg7 Kxg7 24. gxf6+ Kf7 25. Rae1 Rxc2 26. Nf3 Bxf6 27.
e6+ Rxe6 28. Rxe6 Bxb2 29. Ng5+ Kg7 30. Re7+ Kg6 31. Rxd7 Rxd2 32. Nxh7 Nf4+
33. Kf3 Rxd7 34. Nf8+ Kf7 35. Nxd7 Nd3 36. Re3 Nxf2 37. Kxf2 Bd4 38. Ne5+ Ke6
39. Nf3+ Bxe3+ 40. Kxe3 Kd5 41. Kd3 Kc5 42. Kc3 a5 43. Nd4 b5 44. Nb3+ Kb6 45.
Kd4 a4 46. Nd2 Kc6 47. Kc3 Kc5 48. a3 Kd5 49. Kb4 Kc6 50. Nb1 1-0

[Event "Championnat de France - Accession"]
[Site "Nimes"]
[Date "2009.08.15"]
[Round "5.14"]
[White "Ollier, Pablo"]
[Black "Lefebvre, Herve"]
[Result "1/2-1/2"]
[WhiteElo "2226"]
[BlackElo "2279"]
[PlyCount "99"]

1. d4 d5 2. c4 e6 3. Nc3 c6 4. e4 dxe4 5. Nxe4 Bb4+ 6. Bd2 Qxd4 7. Bxb4 Qxe4+
8. Be2 Na6 9. Bc3 Ne7 10. Nf3 O-O 11. O-O Ng6 12. Re1 f6 13. b4 e5 14. b5 Nc5
15. Bb4 b6 16. Bf1 Qg4 17. bxc6 Nf4 18. Bxc5 bxc5 19. Kh1 Bf5 20. g3 Rad8 21.
Nd2 Nd3 22. Bxd3 Rxd3 23. Qxg4 Bxg4 24. Nb3 Rc8 25. Nxc5 Rd2 26. Kg2 Rxc6 27.
Nb3 Rc2 28. c5 Be6 29. Rec1 Bxb3 30. axb3 Rxc1 31. Rxc1 a5 32. f4 Kf7 33. f5 g6
34. g4 Ke7 35. Kf3 Rc8 36. Ke4 Rd8 37. Rc4 Rb8 38. c6 Rb4 39. Rxb4 gxf5+ 40.
Kxf5 axb4 41. g5 fxg5 42. Kxg5 Kd6 43. Kf5 Kxc6 44. Kxe5 Kc5 45. h4 h5 46. Ke4
Kd6 47. Kd4 Ke6 48. Ke4 Kd6 49. Kd4 Ke6 50. Ke4 1/2-1/2

[Event "Championnat de France - Accession"]
[Site "Nimes"]
[Date "2009.08.15"]
[Round "5.15"]
[White "Ravot, Sylvain"]
[Black "Maatoug, Redwan"]
[Result "1-0"]
[WhiteElo "2276"]
[BlackElo "2245"]
[PlyCount "65"]

1. e4 c5 2. Nf3 a6 3. c3 b6 4. d4 Bb7 5. Bd3 Nf6 6. Qe2 g6 7. a3 cxd4 8. cxd4
Bg7 9. Nc3 O-O 10. e5 Ne8 11. h4 h5 12. Ng5 Nc6 13. Be3 d6 14. f4 dxe5 15. dxe5
Nd4 16. Qf2 Nf3+ 17. Ke2 Nxg5 18. hxg5 Bc8 19. Rh4 Be6 20. Qf3 Bg4 21. Rxg4
hxg4 22. Qxg4 Nc7 23. Be4 Qc8 24. Qf3 Rb8 25. Kf2 Rd8 26. Rc1 Qe6 27. Ne2 Nd5
28. Nd4 Qd7 29. Bxd5 Qxd5 30. Nc6 Qb3 31. Qe2 e6 32. Qc2 Qb5 33. a4 1-0

[Event "Championnat de France - Accession"]
[Site "Nimes"]
[Date "2009.08.15"]
[Round "5.16"]
[White "Bonn, Thomas"]
[Black "Mancini, Mario"]
[Result "1/2-1/2"]
[WhiteElo "2225"]
[BlackElo "2269"]
[PlyCount "97"]

1. e4 c5 2. c3 e6 3. d4 d5 4. exd5 exd5 5. Nf3 Nf6 6. Be2 Nc6 7. O-O Be7 8.
dxc5 Bxc5 9. Nbd2 O-O 10. Nb3 Bd6 11. Bg5 Be6 12. Bh4 a6 13. Nbd4 Ne5 14. Nxe5
Bxe5 15. Bf3 Qd6 16. Bg3 Bxg3 17. hxg3 Rad8 18. Qd3 Qb6 19. Nb3 h6 20. Qd4 Qc7
21. Rad1 Bf5 22. Qb4 Be4 23. Rd2 Rc8 24. Rfd1 Rfe8 25. Nd4 Re5 26. Re2 Rce8 27.
Red2 Bxf3 28. gxf3 Re2 29. Kg2 b5 30. Nc2 Rxd2 31. Rxd2 Qc4 32. Qxc4 dxc4 33.
Kf1 Kf8 34. Rd6 Re6 35. Rxe6 fxe6 36. Nb4 a5 37. Nc6 Nd5 38. Nxa5 Ke7 39. Nc6+
Kd6 40. Nd4 b4 41. f4 bxc3 42. Nb5+ Kc5 43. Nxc3 Nb4 44. Ke2 Nd3 45. b3 Kb4 46.
Kd2 Nxf2 47. bxc4 Kxc4 48. Ke2 Nd3 49. Kd2 1/2-1/2

[Event "Championnat de France - Accession"]
[Site "Nimes"]
[Date "2009.08.15"]
[Round "5.17"]
[White "Meynard, Thibault"]
[Black "Manoeuvre, Antoine"]
[Result "1/2-1/2"]
[WhiteElo "2288"]
[BlackElo "2232"]
[PlyCount "156"]

1. d4 Nf6 2. c4 g6 3. Nc3 Bg7 4. e4 d6 5. Nf3 O-O 6. Be2 e5 7. dxe5 dxe5 8.
Qxd8 Rxd8 9. Bg5 Re8 10. Nd5 Nxd5 11. cxd5 c6 12. Bc4 cxd5 13. Bxd5 Nc6 14. Nd2
Be6 15. Bxc6 bxc6 16. Ke2 Reb8 17. b3 a5 18. Be7 Bf8 19. Bf6 Bg7 20. Be7 Bf8
21. Bf6 Bg7 22. Bxg7 Kxg7 23. Rhc1 a4 24. Rab1 axb3 25. axb3 Ra2 26. Ke3 Rb6
27. Rc3 f6 28. h4 Ra7 29. g3 Rab7 30. f4 exf4+ 31. gxf4 Bf7 32. Kd4 Rd7+ 33.
Kc5 Rb5+ 34. Kxc6 Rbb7 35. Nc4 Rdc7+ 36. Kd6 Rxc4 37. bxc4 Rxb1 38. c5 Rd1+ 39.
Ke7 Re1 40. e5 fxe5 41. f5 gxf5 42. c6 Ra1 43. c7 Ra8 44. c8=Q Rxc8 45. Rxc8 e4
46. Rc5 Bg6 47. Ke6 f4 48. Ke5 f3 49. Kf4 h5 50. Ra5 Bf7 51. Ke3 Bg6 52. Ra6
Bf7 53. Rd6 Bg6 54. Rc6 Bf5 55. Rc2 Kf6 56. Kf4 Be6 57. Rd2 Bf5 58. Rb2 Bg6 59.
Rb6+ Kg7 60. Ra6 Bf7 61. Ke3 Bg6 62. Re6 Kf7 63. Re5 Kf6 64. Rg5 Kf7 65. Rg1
Kf6 66. Kf4 Bf5 67. Rg5 Bg6 68. Ra5 Kg7 69. Ra6 Bf7 70. Kg3 Bg6 71. Kf2 Kf7 72.
Ke3 Kg7 73. Rc6 Bf5 74. Rc5 Kf6 75. Rc7 Bg6 76. Kf4 Bf5 77. Rc6+ Be6 78. Rc2
Bf5 1/2-1/2

[Event "Championnat de France - Accession"]
[Site "Nimes"]
[Date "2009.08.15"]
[Round "5.18"]
[White "Favarel, Antoine"]
[Black "Rouler, Charly"]
[Result "0-1"]
[WhiteElo "2213"]
[BlackElo "2335"]
[PlyCount "110"]

1. e4 c5 2. Nf3 e6 3. b3 b6 4. Bd3 Bb7 5. O-O d6 6. Bb2 Nd7 7. Re1 Ngf6 8. e5
dxe5 9. Nxe5 Nxe5 10. Bxe5 Qd5 11. Bf1 Rd8 12. Nc3 Qd7 13. Bb5 Bc6 14. Bxf6
gxf6 15. Ne4 Bg7 16. Bxc6 Qxc6 17. Qg4 Kf8 18. Qh4 Qc7 19. Rad1 f5 20. Ng5 h6
21. Nxe6+ fxe6 22. Rxe6 Rd4 23. Qh5 Qf7 24. Qe2 Rd7 25. Qc4 Kg8 26. Rde1 Kh7
27. h3 Rf8 28. d3 Bf6 29. Qb5 Re7 30. Rxe7 Bxe7 31. Qd7 Bg5 32. Qd6 Re8 33.
Rxe8 Qxe8 34. g3 Kg7 35. a4 Bf6 36. Kg2 Qe7 37. Qb8 Bd4 38. Qc8 Qf7 39. c4 Kh7
40. Qc6 Qe7 41. Qd5 Kg6 42. Kf3 Be5 43. h4 Qd6 44. Qg8+ Bg7 45. h5+ Kf6 46. Qh7
Qxd3+ 47. Kg2 Qe4+ 48. f3 Qe8 49. g4 fxg4 50. fxg4 Qe2+ 51. Kg3 Qe5+ 52. Kf3
Kg5 53. Qg6+ Kh4 54. g5 hxg5 55. h6 Qf6+ 0-1

[Event "Championnat de France - Accession"]
[Site "Nimes"]
[Date "2009.08.15"]
[Round "5.19"]
[White "Villegas, Pierre"]
[Black "Romieux, Sebastien"]
[Result "1-0"]
[WhiteElo "2202"]
[BlackElo "2284"]
[PlyCount "109"]

1. d4 Nf6 2. c4 e6 3. Nc3 Bb4 4. f3 c5 5. d5 Bxc3+ 6. bxc3 Qa5 7. Bd2 e5 8. e4
d6 9. Bd3 Nbd7 10. Ne2 Nb6 11. Ng3 g6 12. O-O h5 13. f4 h4 14. Nh1 Bg4 15. Qe1
h3 16. g3 Nbd7 17. Nf2 exf4 18. Nxg4 Nxg4 19. gxf4 O-O-O 20. Qg3 Ngf6 21. e5
Nh5 22. Qg5 Qc7 23. e6 fxe6 24. dxe6 Ndf6 25. Rae1 Rhg8 26. Qh4 Rde8 27. Qxh3
Re7 28. Kh1 Kb8 29. Qf3 Reg7 30. Rg1 Qc6 31. Qxc6 bxc6 32. Rg2 d5 33. Reg1 Ne4
34. Bxe4 dxe4 35. Be3 Kc7 36. Rg5 Kd6 37. f5 gxf5 38. Rd1+ Kxe6 39. Rxh5 Rg4
40. Bxc5 e3 41. Bxe3 Rxc4 42. Bd4 c5 43. Re1+ Kd6 44. Be5+ Ke6 45. Rh6+ Kd7 46.
Rb1 Rcg4 47. Rd6+ Ke7 48. Rb7+ Ke8 49. Rd1 R8g6 50. Rxa7 Rb6 51. Bc7 Rc6 52.
Ba5 Rc8 53. Rh7 Kf8 54. Rh8+ Rg8 55. Rxg8+ 1-0

[Event "Championnat de France - Accession"]
[Site "Nimes"]
[Date "2009.08.15"]
[Round "5.20"]
[White "Strugnell, Carl"]
[Black "Frederic, Clement"]
[Result "0-1"]
[WhiteElo "2280"]
[BlackElo "2235"]
[PlyCount "68"]

1. e4 e6 2. d4 d5 3. Nc3 Nf6 4. e5 Nfd7 5. f4 c5 6. Nf3 Nc6 7. Be3 a6 8. Qd2 b5
9. a3 Qb6 10. Ne2 c4 11. f5 exf5 12. Nf4 Ne7 13. g3 Qc6 14. Bg2 Nb6 15. O-O Be6
16. c3 Qd7 17. h4 g6 18. h5 O-O-O 19. h6 Bxh6 20. Nxd5 Bxe3+ 21. Nxe3 Ned5 22.
Ne1 g5 23. Nxd5 Nxd5 24. Bxd5 Bxd5 25. Ng2 Rhg8 26. Ne3 Be4 27. Qd1 f4 28. Ng4
Rg6 29. Re1 Bb7 30. Kf2 Qf5 31. Rf1 Qe4 32. Rg1 fxg3+ 33. Kxg3 Qf4+ 34. Kh3
Rh6+ 0-1

[Event "Championnat de France - Accession"]
[Site "Nimes"]
[Date "2009.08.15"]
[Round "5.21"]
[White "Rabineau, Clement"]
[Black "Stephan, Victor"]
[Result "1/2-1/2"]
[WhiteElo "2263"]
[BlackElo "2198"]
[PlyCount "115"]

1. e4 c5 2. Nf3 d6 3. c3 Nf6 4. Bd3 Nc6 5. h3 d5 6. e5 Nd7 7. e6 fxe6 8. Ng5
Nf6 9. Bxh7 Nxh7 10. Qh5+ Kd7 11. Nxh7 Kc7 12. d4 Bd7 13. Bf4+ Kc8 14. Qg6 cxd4
15. cxd4 Qe8 16. Qxe8+ Bxe8 17. Nxf8 Rxf8 18. Be3 e5 19. dxe5 Nxe5 20. Nc3 e6
21. O-O Nc6 22. Rad1 b6 23. f4 Kb7 24. Bd4 Nxd4 25. Rxd4 Rf6 26. f5 Rxf5 27.
Rxf5 exf5 28. Rxd5 g6 29. Kf2 Kc6 30. Rd2 Bf7 31. h4 b5 32. a3 a5 33. Ne2 Re8
34. Rc2+ Kb6 35. Ng1 b4 36. axb4 axb4 37. Nf3 Bd5 38. Nd4 Re4 39. Nf3 Kb5 40.
g3 Rc4 41. Rxc4 Kxc4 42. Ne5+ Kb3 43. Ke3 Kxb2 44. Kd4 Bg8 45. Nxg6 b3 46. Ne5
Kc2 47. Nd3 Bh7 48. Nb4+ Kd2 49. Nd5 b2 50. Nc3 Bg6 51. Nb1+ Kc2 52. Na3+ Kb3
53. Nc4 b1=N 54. Ne3 Nd2 55. Ke5 Ne4 56. Nxf5 Bxf5 57. Kxf5 Nxg3+ 58. Kf4
1/2-1/2

[Event "Championnat de France - Accession"]
[Site "Nimes"]
[Date "2009.08.15"]
[Round "5.22"]
[White "Velten, Paul"]
[Black "Carpentier, Pierre"]
[Result "1/2-1/2"]
[WhiteElo "2153"]
[BlackElo "2247"]
[PlyCount "109"]

1. d4 Nf6 2. Nf3 g6 3. Bg5 Bg7 4. Nbd2 c5 5. e3 cxd4 6. exd4 O-O 7. Bd3 Nc6 8.
O-O d5 9. c3 h6 10. Bh4 Bg4 11. Re1 e6 12. Qb3 Na5 13. Qa4 Bxf3 14. Nxf3 a6 15.
Qc2 Rc8 16. Ne5 Nc6 17. Qd2 Re8 18. a4 Na5 19. Qc2 Nc6 20. Qd2 Na5 21. Qc2 Nc6
22. Nxf7 Kxf7 23. Bxg6+ Kg8 24. Bxe8 Qxe8 25. Bxf6 Bxf6 26. Qe2 Nd8 27. Qg4+
Kh7 28. Re3 Qg6 29. Qe2 Rc7 30. f4 Rg7 31. Kh1 Qf5 32. g3 h5 33. Rg1 Kg8 34.
Re1 Rg6 35. Rxe6 Nxe6 36. Qxe6+ Qxe6 37. Rxe6 Kf7 38. Rd6 h4 39. Kg2 hxg3 40.
hxg3 Be7 41. Rxd5 Rb6 42. b4 Rc6 43. Rd7 b5 44. axb5 axb5 45. d5 Rd6 46. Rxd6
Bxd6 47. Kf3 Kf6 48. Ke4 Kg6 49. Kd4 Kf5 50. c4 bxc4 51. b5 Kg4 52. b6 Kxg3 53.
f5 Kf4 54. f6 Kf5 55. Kxc4 1/2-1/2

[Event "Championnat de France - Accession"]
[Site "Nimes"]
[Date "2009.08.15"]
[Round "5.23"]
[White "Buscara, Sevan"]
[Black "Ber, Yves"]
[Result "0-1"]
[WhiteElo "2225"]
[BlackElo "2040"]
[PlyCount "62"]

1. d4 Nf6 2. Nf3 e6 3. Bf4 b6 4. e3 Bb7 5. Bd3 d5 6. Ne5 Bd6 7. O-O h6 8. Nd2
Bxe5 9. dxe5 Ne4 10. Nxe4 dxe4 11. Bb5+ Nc6 12. Qg4 g5 13. Bg3 a6 14. Rfd1 Qe7
15. Bxc6+ Bxc6 16. h4 Rd8 17. Qh5 Rd5 18. c4 Rd3 19. Rxd3 exd3 20. Rd1 Be4 21.
hxg5 Qc5 22. gxh6 Qxc4 23. Qg5 Qc2 24. Rf1 d2 25. Qf6 Rh7 26. Bh4 Kd7 27. Qd8+
Kc6 28. Qa8+ Kb5 29. Qe8+ c6 30. Qd8 Bd5 31. a4+ Qxa4 0-1

[Event "Championnat de France - Accession"]
[Site "Nimes"]
[Date "2009.08.15"]
[Round "5.24"]
[White "Rodier, David"]
[Black "Guilleux, Fabien"]
[Result "0-1"]
[WhiteElo "2145"]
[BlackElo "2381"]
[PlyCount "70"]

1. d4 Nf6 2. c4 g6 3. f3 c5 4. d5 d6 5. e4 Bg7 6. Nc3 O-O 7. Be3 e6 8. Qd2 exd5
9. cxd5 a6 10. a4 Re8 11. Be2 h5 12. Rc1 Nh7 13. Bd3 Nd7 14. Nh3 Ne5 15. Nf2 f5
16. O-O Bd7 17. Rfe1 Rb8 18. Bf1 b5 19. f4 Nc4 20. Bxc4 bxc4 21. e5 dxe5 22.
fxe5 Bxe5 23. Bxc5 Bxh2+ 24. Kxh2 Qc7+ 25. d6 Qxc5 26. Qd5+ Qxd5 27. Nxd5 Rxb2
28. Rxe8+ Bxe8 29. Nd1 Rb8 30. Rxc4 Rd8 31. Rd4 Kf7 32. Nc7 Ng5 33. Nc3 Ne6 34.
Rd2 Nxc7 35. dxc7 Rc8 0-1

[Event "Championnat de France - Accession"]
[Site "Nimes"]
[Date "2009.08.15"]
[Round "5.25"]
[White "Iwanesko, Alexandre"]
[Black "Saucey, Michel"]
[Result "1/2-1/2"]
[WhiteElo "2101"]
[BlackElo "2366"]
[PlyCount "49"]

1. e4 c5 2. Nf3 Nc6 3. d4 cxd4 4. Nxd4 g6 5. Nc3 Bg7 6. Nde2 b6 7. g3 Ba6 8.
Bg2 Nf6 9. O-O O-O 10. Re1 Rc8 11. a4 d6 12. Rb1 Nd7 13. Nd5 e6 14. Ne3 Nc5 15.
b3 Nb4 16. Bd2 Bxe2 17. Qxe2 Na2 18. c4 Nc3 19. Bxc3 Bxc3 20. Red1 e5 21. Bh3
Rc6 22. Nd5 Bd4 23. Kh1 a5 24. f4 f6 25. f5 1/2-1/2

[Event "Championnat de France - Accession"]
[Site "Nimes"]
[Date "2009.08.15"]
[Round "5.26"]
[White "Lamard, Guillaume"]
[Black "Grimberg, Gilbert"]
[Result "0-1"]
[WhiteElo "2101"]
[BlackElo "2336"]
[PlyCount "90"]

1. d4 c5 2. d5 e5 3. e4 d6 4. Nc3 Nd7 5. Nf3 a6 6. a4 b6 7. Be2 Ngf6 8. Nd2 Be7
9. Nc4 O-O 10. O-O Ne8 11. f4 Bf6 12. Bg4 exf4 13. Bxd7 Bxd7 14. Bxf4 b5 15.
axb5 Bxc3 16. bxc3 Bxb5 17. Ne3 Bxf1 18. Nxf1 f5 19. Ng3 fxe4 20. Qg4 Kh8 21.
Bg5 Nf6 22. Qe6 Re8 23. Qf7 Qe7 24. Qxe7 Rxe7 25. Nf5 Re5 26. Nxd6 Rxd5 27.
Bxf6 Rxd6 28. Be7 Rc6 29. Kf2 h6 30. Ke3 Kg8 31. Bh4 Re8 32. Be1 Rg6 33. g3 Rf6
34. c4 Rf1 35. h4 Rh1 36. Bc3 Rxa1 37. Bxa1 a5 38. Bb2 a4 39. Ba3 h5 40. Kd2
e3+ 41. Ke2 Re5 42. Bb2 Re4 43. Ba3 Rxc4 44. Kd3 Re4 45. Ke2 c4 0-1

[Event "Championnat de France - Accession"]
[Site "Nimes"]
[Date "2009.08.15"]
[Round "5.27"]
[White "Camus, Berenger"]
[Black "Poignot, Quentin"]
[Result "1-0"]
[WhiteElo "2200"]
[BlackElo "2183"]
[PlyCount "137"]

1. d4 Nf6 2. Nf3 c5 3. e3 g6 4. dxc5 Qa5+ 5. Nbd2 Bg7 6. a3 Qxc5 7. b4 Qc7 8.
Bb2 O-O 9. c4 d6 10. Be2 b6 11. O-O Bb7 12. Qb3 Nbd7 13. Rac1 Rac8 14. Rfd1 Qb8
15. Bf1 Qa8 16. h3 a6 17. Qa2 Ne4 18. Bxg7 Kxg7 19. Qb2+ Kg8 20. Nxe4 Bxe4 21.
Ng5 Nf6 22. Rxd6 exd6 23. Qxf6 h6 24. Nxe4 Qxe4 25. Qxd6 Rc6 26. Qd4 Qe7 27.
Rd1 a5 28. Qd7 Qxd7 29. Rxd7 axb4 30. axb4 Ra8 31. b5 Rcc8 32. Kh2 Rd8 33. Rb7
Rab8 34. Rc7 Rd2 35. Kg3 Rbd8 36. c5 bxc5 37. Bc4 Rf8 38. Kf4 Kg7 39. Ke5 Rdd8
40. Rxc5 Rfe8+ 41. Kf4 Rd6 42. e4 Re7 43. Bd5 Rb6 44. Bc6 Rc7 45. Rc4 Kf6 46.
e5+ Ke7 47. Ke4 Rb8 48. Kd5 Rd8+ 49. Kc5 Rdc8 50. f4 Rb8 51. b6 Rcc8 52. Ra4
Ke6 53. Ra7 f6 54. exf6 Kxf6 55. b7 Rd8 56. Ra8 Ke7 57. Ra3 Ke6 58. g4 Rf8 59.
Re3+ Kf6 60. Kb6 Rfc8 61. Ka7 Rd8 62. Kb6 Rdc8 63. Ra3 Ke7 64. h4 Kd6 65. Rd3+
Ke7 66. Be4 Kf7 67. Rd7+ Ke6 68. Rg7 g5 69. Bf5+ 1-0

[Event "Championnat de France - Accession"]
[Site "Nimes"]
[Date "2009.08.15"]
[Round "5.28"]
[White "Nass, Emile"]
[Black "Wunderman, Xavier"]
[Result "1-0"]
[WhiteElo "2186"]
[BlackElo "2169"]
[PlyCount "73"]

1. d4 d5 2. Nf3 Nf6 3. c4 c6 4. Nc3 e6 5. g3 Nbd7 6. Bg2 Be7 7. O-O dxc4 8. e4
O-O 9. a4 b6 10. Bg5 h6 11. Bxf6 Bxf6 12. e5 Be7 13. Nd2 Qc7 14. Nxc4 Ba6 15.
b3 Rad8 16. f4 Nc5 17. Ne2 Bb7 18. Ra2 Na6 19. Rd2 Nb4 20. Nc3 Nd5 21. Nxd5
cxd5 22. Ne3 Ba6 23. Rc2 Qd7 24. Rff2 Rc8 25. h4 Rxc2 26. Rxc2 Rc8 27. f5 Rxc2
28. Qxc2 Qc8 29. fxe6 fxe6 30. Bh3 Qd7 31. Qg6 Bc8 32. Ng4 Kh8 33. Nf6 gxf6 34.
Qxh6+ Kg8 35. exf6 Bf8 36. Qg6+ Kh8 37. f7 1-0

[Event "Championnat de France - Accession"]
[Site "Nimes"]
[Date "2009.08.15"]
[Round "5.30"]
[White "Lebreton, Flavien"]
[Black "Depoorter, Enguerran"]
[Result "1/2-1/2"]
[WhiteElo "2012"]
[BlackElo "2207"]
[PlyCount "63"]

1. d4 d5 2. c4 e6 3. Nf3 c6 4. e3 Bd6 5. b3 Nd7 6. Bb2 f5 7. Bd3 Qf6 8. Nbd2
Nh6 9. Qc2 O-O 10. O-O-O e5 11. dxe5 Nxe5 12. cxd5 cxd5 13. Nc4 dxc4 14. Bxc4+
Kh8 15. Rxd6 Qxd6 16. Rd1 Nxc4 17. Rxd6 Nxd6 18. Qc7 Nhf7 19. Ng5 Be6 20. Kb1
Rac8 21. Bxg7+ Kxg7 22. Nxe6+ Kf6 23. Qd7 Rfe8 24. Nf4 Rcd8 25. Qa4 Ne4 26.
Qxa7 Re7 27. f3 b5 28. Qb6+ Rd6 29. Nd5+ Ke6 30. Nf4+ Kf6 31. Nd5+ Ke6 32. Nf4+
1/2-1/2

[Event "Championnat de France - Accession"]
[Site "Nimes"]
[Date "2009.08.15"]
[Round "5.31"]
[White "Ouakhir, Mehdi"]
[Black "Lacroix, Romain"]
[Result "1/2-1/2"]
[WhiteElo "2237"]
[BlackElo "2141"]
[PlyCount "110"]

1. a3 d5 2. d4 Nf6 3. Nf3 c6 4. Bf4 Bf5 5. e3 e6 6. h3 Nbd7 7. Nh4 Bg6 8. Nxg6
hxg6 9. Nd2 Nb6 10. Be2 Bd6 11. Bxd6 Qxd6 12. c4 dxc4 13. Nxc4 Nxc4 14. Bxc4 g5
15. Qe2 g4 16. O-O-O gxh3 17. Rxh3 Rxh3 18. gxh3 O-O-O 19. Kb1 Rh8 20. Qf3 Rh4
21. Rg1 Qf8 22. Qg3 Rh7 23. Bd3 g6 24. Rc1 Qd8 25. Bf1 Ne4 26. Qf4 Nd2+ 27. Kc2
Nxf1 28. Rxf1 Qd5 29. Rg1 Rxh3 30. Qxf7 Qf5+ 31. Qxf5 gxf5 32. Rg2 Kc7 33. Kd3
Rh7 34. b3 Kd6 35. Rg6 a5 36. Rg8 Rh2 37. Ke2 Rh1 38. Rg7 b5 39. Ra7 Rb1 40.
Rxa5 Rxb3 41. Kf3 Rb2 42. Ra7 Ra2 43. Kg3 b4 44. a4 b3 45. Rb7 b2 46. Kf4 b1=Q
47. Rxb1 Rxf2+ 48. Kg3 Ra2 49. Rb4 Kd5 50. Kf3 Ra1 51. Rb8 Rf1+ 52. Ke2 Ra1 53.
Kf3 Rf1+ 54. Ke2 Rh1 55. Kd3 Rd1+ 1/2-1/2

[Event "Championnat de France - Accession"]
[Site "Nimes"]
[Date "2009.08.15"]
[Round "5.32"]
[White "Salus, Stephane"]
[Black "Jeanne, Mickael"]
[Result "1/2-1/2"]
[WhiteElo "2218"]
[BlackElo "2148"]
[PlyCount "110"]

1. c4 e6 2. d4 d5 3. Nc3 c6 4. e3 f5 5. Nf3 Nf6 6. Bd3 Bd6 7. O-O O-O 8. Rb1
Ne4 9. Bd2 a5 10. Be1 Nd7 11. a3 g5 12. Nd2 Nxc3 13. bxc3 Qf6 14. cxd5 exd5 15.
Qh5 Qg7 16. c4 Nf6 17. Qe2 Qh6 18. Nf3 Ng4 19. h3 Nf6 20. Bd2 g4 21. Ne5 gxh3
22. g3 h2+ 23. Kh1 Ne4 24. cxd5 cxd5 25. Rb5 Be6 26. a4 Qg7 27. Kxh2 Rf6 28.
Rfb1 Rh6+ 29. Kg1 Bxe5 30. dxe5 Qxe5 31. Rxb7 Bf7 32. Bxe4 fxe4 33. Qg4+ Bg6
34. Rc1 Qf5 35. Qxf5 Bxf5 36. Rcc7 Rc8 37. Bxa5 Rxc7 38. Bxc7 Bg4 39. f3 Bxf3
40. g4 Rh1+ 41. Kf2 Ra1 42. g5 Rxa4 43. Be5 Bh5 44. Rg7+ Kf8 45. Rxh7 Bg6 46.
Rd7 Ra6 47. Rxd5 Kf7 48. Kg3 Ke6 49. Rc5 Ra2 50. Bd4 Rd2 51. Re5+ Kf7 52. Bc5
Rd7 53. Kf4 Rb7 54. Bd4 Rb1 55. Kg3 Rf1 1/2-1/2

[Event "Championnat de France - Accession"]
[Site "Nimes"]
[Date "2009.08.15"]
[Round "5.33"]
[White "Serralta, Michel"]
[Black "Forgues, Fabien"]
[Result "0-1"]
[WhiteElo "2137"]
[BlackElo "2184"]
[PlyCount "68"]

1. d4 Nf6 2. c4 e6 3. Nc3 Bb4 4. e3 b6 5. Bd3 Bb7 6. Nf3 O-O 7. O-O d5 8. Bd2
c5 9. a3 cxd4 10. exd4 dxc4 11. Bxc4 Be7 12. Qe2 Nbd7 13. Rfe1 Bxf3 14. Qxf3
Ne8 15. Rad1 Nd6 16. Ba2 Rc8 17. Qd3 Re8 18. Bf4 Bf8 19. Re3 g6 20. Rde1 Nf6
21. d5 exd5 22. Nxd5 Rxe3 23. fxe3 Nxd5 24. Qxd5 Rc5 25. Qd3 Nb7 26. Qb3 Qe8
27. Rf1 Nd8 28. Bb8 a6 29. Bg3 Rb5 30. Qa4 Qxe3+ 31. Bf2 Qg5 32. Qxa6 Rxb2 33.
Qc4 Bc5 34. Qd5 Rxf2 0-1

[Event "Championnat de France - Accession"]
[Site "Nimes"]
[Date "2009.08.15"]
[Round "5.34"]
[White "Barret, Simon"]
[Black "Ozenne, Corentin"]
[Result "0-1"]
[WhiteElo "2166"]
[BlackElo "1996"]
[PlyCount "132"]

1. d4 Nf6 2. c4 g6 3. Nc3 Bg7 4. e4 d6 5. Nf3 O-O 6. Be2 c5 7. dxc5 dxc5 8.
Qxd8 Rxd8 9. e5 Ne8 10. Bg5 Nc6 11. Nd5 Kf8 12. h3 Be6 13. Nf4 Bf5 14. Nd5 Rd7
15. O-O-O Nxe5 16. Rhe1 Nc6 17. Bf1 h6 18. Be3 b6 19. g4 Be4 20. Nd2 Bxd5 21.
cxd5 Nb4 22. a3 Nxd5 23. Ne4 Rdd8 24. Bc4 e6 25. Kc2 Nec7 26. Bc1 a6 27. f4 Nb5
28. Bxb5 axb5 29. f5 gxf5 30. gxf5 exf5 31. Ng3 f4 32. Nf5 Rac8 33. Kb1 c4 34.
Nxg7 Kxg7 35. Rd4 c3 36. Bxf4 Rc4 37. Be5+ f6 38. Rxc4 bxc4 39. Bxc3 Nxc3+ 40.
bxc3 Rd3 41. Kc2 Rxh3 42. Re7+ Kg6 43. Rb7 Rh2+ 44. Kd1 Ra2 45. Rxb6 Rxa3 46.
Kd2 Ra4 47. Ke3 h5 48. Rc6 Kg5 49. Kf3 h4 50. Rc5+ f5 51. Rc6 h3 52. Kg3 h2 53.
Kxh2 Kf4 54. Kg2 Ke3 55. Kg3 Kd3 56. Rc5 Kxc3 57. Rxf5 Ra6 58. Kf3 Re6 59. Rd5
Kc2 60. Rc5 c3 61. Rb5 Kc1 62. Rc5 c2 63. Rb5 Kd2 64. Rd5+ Kc3 65. Rc5+ Kb3 66.
Rc7 Re1 0-1

[Event "Championnat de France - Accession"]
[Site "Nimes"]
[Date "2009.08.15"]
[Round "5.35"]
[White "Lewis, John"]
[Black "Dijoux, Frederic"]
[Result "1-0"]
[WhiteElo "2147"]
[BlackElo "2152"]
[PlyCount "57"]

1. d4 e6 2. Nf3 f5 3. c4 Nf6 4. g3 d5 5. Bg2 c6 6. O-O Bd6 7. b3 Qe7 8. a4 b6
9. Ba3 Bb7 10. a5 O-O 11. Bxd6 Qxd6 12. Ne5 Na6 13. Nc3 Rac8 14. cxd5 exd5 15.
axb6 axb6 16. Qd3 Ne4 17. Rxa6 Bxa6 18. Nxe4 dxe4 19. Qxa6 Qxd4 20. Qc4+ Qxc4
21. Nxc4 b5 22. Ne3 g6 23. f3 exf3 24. Bxf3 Rfe8 25. Kg2 c5 26. Ra1 Re7 27. Nd5
Rg7 28. Ra5 b4 29. Nf4 1-0

[Event "Championnat de France - Accession"]
[Site "Nimes"]
[Date "2009.08.15"]
[Round "5.36"]
[White "Callet, Emmanuel"]
[Black "Thet, Sylvain"]
[Result "1-0"]
[WhiteElo "2215"]
[BlackElo "2031"]
[PlyCount "75"]

1. Nf3 Nf6 2. d4 d5 3. c4 c6 4. Nc3 a6 5. c5 Nbd7 6. Bf4 Nh5 7. Bg3 g6 8. e3
Bg7 9. Bh4 b5 10. b4 a5 11. a3 O-O 12. Be2 Qe8 13. O-O e5 14. dxe5 Nxe5 15. Nd4
Nf6 16. Bg3 Bd7 17. h3 Kh8 18. Qc2 axb4 19. axb4 Nc4 20. Bxc4 dxc4 21. Bd6 Rg8
22. Rfe1 Qc8 23. e4 Rxa1 24. Rxa1 Ne8 25. Rd1 Nxd6 26. cxd6 Qb8 27. Nf3 Re8 28.
e5 Qa7 29. Ne4 Bf5 30. g4 Bxe4 31. Qxe4 Qa4 32. Qd4 Qxb4 33. d7 Rd8 34. Qb6 Qe7
35. Qxc6 Bxe5 36. Qxb5 Bd6 37. Qd5 Kg8 38. Qxd6 1-0

[Event "Championnat de France - Accession"]
[Site "Nimes"]
[Date "2009.08.16"]
[Round "6.1"]
[White "Shirazi, Kamran"]
[Black "Debray, Christopher"]
[Result "1/2-1/2"]
[WhiteElo "2384"]
[BlackElo "2328"]
[Annotator "Rivier,Sylvain"]
[PlyCount "52"]

1. d4 Nf6 2. Nc3 c5 3. dxc5 e5 4. Nf3 Nc6 5. Nd2 Bxc5 6. Nde4 Nxe4 7. Nxe4 d5
8. Nxc5 Qa5+ 9. c3 Qxc5 10. e3 O-O 11. Be2 Be6 12. O-O Rad8 13. a4 d4 14. cxd4
exd4 15. Ra3 Qb6 16. e4 Ne5 17. Bd3 Nc4 18. Rb3 Qc6 19. Rb5 Nd6 20. Rh5 Bc4 21.
Bxc4 Qxc4 22. h3 Qe6 23. Qxd4 Nxe4 24. Qxa7 Qb3 25. Qe3 Qc2 26. Re5 Nc3 {suite
illisible} 1/2-1/2

[Event "Championnat de France - Accession"]
[Site "Nimes"]
[Date "2009.08.16"]
[Round "6.2"]
[White "Van Elst, Andreas"]
[Black "Benitah, Yohan"]
[Result "0-1"]
[WhiteElo "2288"]
[BlackElo "2383"]
[PlyCount "80"]

1. d4 Nf6 2. c4 e6 3. Nc3 Bb4 4. e3 O-O 5. Nge2 d5 6. a3 Bd6 7. cxd5 exd5 8. g3
c6 9. Bg2 Re8 10. O-O Nbd7 11. b4 b5 12. f3 a5 13. Rb1 axb4 14. axb4 Nb6 15. e4
dxe4 16. fxe4 Be7 17. Nf4 Na4 18. Qd3 Qb6 19. Kh1 Rd8 20. Be3 Qb7 21. Qc2 Nb6
22. Bg1 Nc4 23. Qf2 Ng4 24. Qe2 Ra3 25. Rfc1 Bg5 26. e5 Bf5 27. Ra1 Qa6 28. Qe1
Rc8 29. h3 Nh6 30. Kh2 Bxf4 31. gxf4 Nb2 32. Rxa3 Qxa3 33. Nb1 Qb3 34. Qf1 Nd3
35. Rxc6 Rxc6 36. Bxc6 Nxb4 37. Nd2 Qc3 38. Ne4 Qxc6 39. Nd6 Qc2+ 40. Kg3 Qd3+
0-1

[Event "Championnat de France - Accession"]
[Site "Nimes"]
[Date "2009.08.16"]
[Round "6.3"]
[White "Jablonski, Noham"]
[Black "Boudre, Jean-Pierre"]
[Result "1-0"]
[WhiteElo "2305"]
[BlackElo "2337"]
[PlyCount "43"]

1. d4 d5 2. Nf3 Nf6 3. c4 c6 4. Nc3 e6 5. Bg5 h6 6. Bh4 dxc4 7. e4 g5 8. Bg3 b5
9. Qc2 Bb7 10. Be2 Nbd7 11. h4 g4 12. Ne5 Rg8 13. O-O-O Nxe5 14. Bxe5 Nd7 15.
Bf4 Qa5 16. Rd2 O-O-O 17. Rhd1 Nb6 18. d5 Be7 19. dxe6 fxe6 20. Rxd8+ Bxd8 21.
Qd2 Be7 22. Bg3 1-0